Normal view
MARC view
Entry Topical Term
001 - CONTROL NUMBER
- control field: 26754
003 - CONTROL NUMBER IDENTIFIER
- control field: ARRUPE
005 - DATE AND TIME OF LATEST TRANSACTION
- control field: 20161017092351.0
008 - FIXED-LENGTH DATA ELEMENTS
- fixed length control field: 161017|| aca||aabn | a|a d
040 ## - CATALOGING SOURCE
- Original cataloging agency: ARRUPE
- Transcribing agency: ARRUPE
150 ## - HEADING--TOPICAL TERM
- Topical term or geographic name as entry element: Structural anthropology.
670 ## - SOURCE DATA FOUND
- Source citation: Work cat.: (ARRUPE)0: Boris Wiseman. 26751, The Cambridge companion to Lévi-Strauss /, 2009.